000 00685nam a2200241Ia 4500
003 OSt
005 20220927105019.0
006 a|||||r|||| 00| 0
007 ta
008 220926b |||||||| |||| 00| 0 eng d
024 _a187694
037 _cReference Collections
040 _aRTL
_cRTL
_beng
041 _2eng
_aeng
082 _a"X62.73.N53r, J3"
110 _aFEDERAL RESERVE BANK OF BOSTON.
_9369434
245 0 _aAnnual report 1953.
260 _aBoston
_bFRBB
_c1953
300 _a25p.
_ccm.
700 _aFEDERAL RESERVE BANK OF BOSTON.
_9369435
942 _h"X62.73.N53r, J3"
_cCC
999 _c690226
_d690226